000
00306nam a2200133Ia 4500
008
191201s2019 xx 000 0 und d
100
_a
SINGH, Sarina
245
0
_a
India
250
_a
10th
260
_a
N.Delhi
_b
Lonely Planet Publication
300
_a
1087
650
_a
General Books
942
_2
ddc
_c
BK
999
_c
1566
_d
1566